|
|
|
|
| LEADER |
04458nam a22003853i 4500 |
| 001 |
EBC7244896 |
| 003 |
MiAaPQ |
| 005 |
20231204023228.0 |
| 006 |
m o d | |
| 007 |
cr cnu|||||||| |
| 008 |
231204s2022 xx o ||||0 eng d |
| 020 |
|
|
|a 9781000541496
|q (electronic bk.)
|
| 020 |
|
|
|z 9780367427726
|
| 035 |
|
|
|a (MiAaPQ)EBC7244896
|
| 035 |
|
|
|a (Au-PeEL)EBL7244896
|
| 035 |
|
|
|a (OCoLC)1378936487
|
| 040 |
|
|
|a MiAaPQ
|b eng
|e rda
|e pn
|c MiAaPQ
|d MiAaPQ
|
| 100 |
1 |
|
|a Hatuka, Tali.
|
| 245 |
1 |
0 |
|a New Industrial Urbanism :
|b Designing Places for Production.
|
| 250 |
|
|
|a 1st ed.
|
| 264 |
|
1 |
|a Milton :
|b Taylor & Francis Group,
|c 2022.
|
| 264 |
|
4 |
|c ©2022.
|
| 300 |
|
|
|a 1 online resource (268 pages)
|
| 336 |
|
|
|a text
|b txt
|2 rdacontent
|
| 337 |
|
|
|a computer
|b c
|2 rdamedia
|
| 338 |
|
|
|a online resource
|b cr
|2 rdacarrier
|
| 505 |
0 |
|
|a Cover -- Half Title -- Copyright -- Title -- Table of Contents -- Preface -- Organization of the Book -- Acknowledgments -- Part I FOR PRODUCTION'S SAKE -- 1. People, Factories, and Making -- Factories, Architects, and the Design of Work Spaces -- Work Spaces: Building Types and Programs -- 2. Between Production and City Development -- Industrial Landscapes and Urban Life Dynamics -- Designing City-Industry Dynamic for the 21st Century -- 3. The Way Forward: New Industrial Urbanism -- From Overarching Concepts to Policy Initiatives -- The Future of Industry: From Parallel Initiatives to an Integrated Framework -- References -- Part II PLACES OF MAKING -- 4. Clustering New Industries -- Features of Clustering Industries -- Wageningen Food Valley, the Netherlands -- Kista Science City, Sweden -- Hsinchu Science Park, Taiwan -- Kendall Square, Cambridge, Massachusetts, USA -- The Industry-Place Nexus in Developing Clusters -- 5. Reinventing Industrial Areas -- Features of Reinventing Industrial Areas -- Jurong, Singapore -- HafenCity District, Hamburg, Germany -- Brooklyn Navy Yard, New York City, USA -- Fashion District, Los Angeles, USA -- Industry-Place Nexus in Reinventing Areas -- 6. Forming Hybrid Districts -- Features in Generating Hybrid Districts -- 22@ District, Barcelona, Spain -- Innovation District, Medellín, Colombia -- Central Eastside, Portland, Oregon, USA -- Huaqiangbei, Shenzhen, China -- Industry-Place Nexus in Forming Hybrid Districts -- 7. Industry and Place -- References -- Part III OPEN MANUFACTURING -- 8. Advancing Regions -- Regional Industrial Coordination -- Research Triangle Regional Partnership (RTRP), Durham, North Carolina, USA -- The Association of Bay Area Governments (ABAG), San Francisco, California, USA -- The Regionalverband Ruhr, Ruhrgebiet, Germany.
|
| 505 |
8 |
|
|a Plattelandscentrum Meetjesland, Regional Network, Meetjesland, Belgium -- Towards Developing a Regional Ecosystem: The Case of Kiryat Shmona -- Summary: Regional Socio-Economic Visioning -- 9. Integrating Urban-Industrial Systems -- Regulating Variability: From Separation to Consolidation -- 22@District, Barcelona, Spain -- Innovation District, Medellín, Colombia -- Central Eastside, Portland, Oregon, USA -- Shenzhen, Guangdong, China -- Towards an Integrated System: Eastern Market Neighborhood, Detroit -- Summary: Recoding the Industrial-Residential Nexus -- 10. Working, Living, and Innovating -- The Variety of Synchronic Architectural Typologies -- Strathcona Village, Vancouver, Canada -- Iceland Wharf, and Fish Island, London, UK -- 415 Wick Lane, Fish Island, Hackney Wick, London, UK -- Westferry Studios, London, UK -- Summary: Locating Synchronic Architectural Typologies in the City -- 11. New Industrial Urbanism -- New Industrial Urbanism: Key Planning Concepts -- Scalar Strategies -- Integrative Approaches -- Coding Complexity -- Synchronic Architectural Typologies -- Experimenting and Developing a New Industrial Urbanism -- References -- Index.
|
| 588 |
|
|
|a Description based on publisher supplied metadata and other sources.
|
| 590 |
|
|
|a Electronic reproduction. Ann Arbor, Michigan : ProQuest Ebook Central, 2023. Available via World Wide Web. Access may be limited to ProQuest Ebook Central affiliated libraries.
|
| 655 |
|
4 |
|a Electronic books.
|
| 700 |
1 |
|
|a Ben-Joseph, Eran.
|
| 776 |
0 |
8 |
|i Print version:
|a Hatuka, Tali
|t New Industrial Urbanism
|d Milton : Taylor & Francis Group,c2022
|z 9780367427726
|
| 797 |
2 |
|
|a ProQuest (Firm)
|
| 856 |
4 |
0 |
|u https://ebookcentral.proquest.com/lib/matrademy/detail.action?docID=7244896
|z Click to View
|